Normal view
MARC view
Entry Meeting Name
001 - CONTROL NUMBER
- control field: 23618
003 - CONTROL NUMBER IDENTIFIER
- control field: OSt
005 - DATE AND TIME OF LATEST TRANSACTION
- control field: 20211105134758.0
008 - FIXED-LENGTH DATA ELEMENTS
- fixed length control field: 211105|| aca||aabn | a|a d
040 ## - CATALOGING SOURCE
- Original cataloging agency: OSt
- Transcribing agency: OSt
111 ## - HEADING--MEETING NAME
- Meeting name or jurisdiction name as entry element: IAP Astrophysics Meeting on the Interplay Between Massive Star Formation, the ISM and Galaxy Evolution
- Number of part/section/meeting: 11
- Location of meeting: Paris, France
- Date of meeting or treaty signing: 1995 July 3-8
670 ## - SOURCE DATA FOUND
- Source citation: Work cat.: (OSt): IAP Astrophysics Meeting on the Interplay Between Massive Star Formation, the ISM and Galaxy Evolution 11 Paris, France 1995 July 3-8, The interplay between massive star formation, the ISM and galaxy evolution, 1996